Research Methodology (Record no. 183030)

000 -LEADER
fixed length control field 00388nam a2200145Ia 4500
008 - FIXED-LENGTH DATA ELEMENTS--GENERAL INFORMATION
fixed length control field 220217s9999||||xx |||||||||||||| ||und||
020 ## - INTERNATIONAL STANDARD BOOK NUMBER
International Standard Book Number 9788122415223
082 ## - DEWEY DECIMAL CLASSIFICATION NUMBER
Classification number 426 KOT
100 ## - MAIN ENTRY--PERSONAL NAME
Personal name Kothari, C R
9 (RLIN) 1323
245 #0 - TITLE STATEMENT
Title Research Methodology
250 ## - EDITION STATEMENT
Edition statement 2
260 ## - PUBLICATION, DISTRIBUTION, ETC.
Place of publication, distribution, etc. New aga international
Name of publisher, distributor, etc. New Delhi
Date of publication, distribution, etc. 2011
300 ## - PHYSICAL DESCRIPTION
Extent xvi;401
Other physical details 200
650 ## - SUBJECT ADDED ENTRY--TOPICAL TERM
Topical term or geographic name entry element ENGLISH GENERAL BOOKS
9 (RLIN) 691
Holdings
Withdrawn status Lost status Damaged status Not for loan Collection code Home library Current library Date acquired Total Checkouts Full call number Barcode Date last seen Date last checked out Price effective from Koha item type
        Humanity Science Central Library Central Library 02/18/2022 2 426 KOT 18219 06/27/2023 03/01/2023 02/18/2022 Books

Powered by Koha